10 Smallest Countries by Area - Whammies - Statistics

General Stats
  • This quiz has been taken 1,657 times
    1,526 since last reset
  • The average score is 5 of 10
Answer Stats
Country % Correct
Vatican City
97%
Monaco
85%
San Marino
73%
Liechtenstein
63%
Nauru
53%
Tuvalu
38%
Malta
22%
Saint Kitts and Nevis
12%
Maldives
9%
Marshall Islands
9%
No matching quizzes found
Score Distribution
Percent of People with Each Score
Percentile by Number Answered
Your Score History
You have not taken this quiz since the last reset